| 000 | 00636nam a22002057a 4500 | ||
|---|---|---|---|
| 005 | 20251108172440.0 | ||
| 008 | 250721s9999 xx 000 0 ara d | ||
| 082 | 1 | 4 | _aم/344.096/حسا |
| 100 | 1 | _aحسان، أحمد أمين | |
| 245 | 1 | 0 | _aموسوعة الأوقاف : تشريعات الأوقاف / |
| 264 | 1 |
_aالإسكندرية : _bمنشأة المعارف، |
|
| 300 | _aج1. | ||
| 650 | 1 | 7 | _aالوقف |
| 650 | 1 | 7 | _aالمؤسسات الخيرية |
| 650 | 1 | 7 | _aالقانون |
| 650 | 1 | 7 | _aالفتاوى |
| 700 | 1 |
_aعبدالهادي، فتحي _eمؤلف مشارك |
|
| 942 |
_2ddc _cREF |
||
| 999 |
_c79601 _d79601 |
||